[Event "HUN-ch Preliminary 2019"]
[Site "Budapest"]
[Date "2019.12.04"]
[Round "1.3"]
[White "Sipos, Istvan"]
[Black "Gonda, Laszlo"]
[Result "1/2-1/2"]
[WhiteElo "2473"]
[BlackElo "2515"]
[Annotator "TA"]
[PlyCount "36"]
[EventDate "2019.12.04"]
[EventType "k.o."]
[EventCountry "HUN"]
[SourceTitle "playchess.com"]
[Source "ChessBase"]
[SourceQuality "1"]

{[%evp 16,36,0,0,0,0,-8,-18,0,0,0,0,0,-15,16,6,20,16,16,6,16,9,17]} 1. e4 e5 2. Nf3 Nc6 3. Nc3 Nf6 4. d4 exd4 5. Nxd4 Bb4 6. Nxc6 bxc6 7. Bd3 O-O 8. O-O d5 9. Bd2 {The position is equal.} Rb8 {C47: Scotch Four Knights and Four Knights with 4 g3} (9... Bxc3 10. Bxc3 Nxe4 11. Bxe4 dxe4 12. Qh5 Qd6 13. Rfe1 Re8 14. Re3 Re6 15. Rd1 Qe7 16. Rg3 Rg6 17. Qe5 {1-0 (52) Karjakin,S (2750)-Aronian,L (2765) Saint Louis 2019}) 10. exd5 cxd5 11. a3 Be7 12. b4 c5 $146 ({Predecessor:} 12... c6 13. Rb1 Bg4 14. Qc1 Qd7 15. Bf4 Ra8 16. Qd2 Bf5 17. Bxf5 Qxf5 {½-½ (40) Jazbinsek,S-Brglez,R (2270) Bled 1992}) 13. bxc5 Bxc5 14. Bf4 Bd6 15. Qd2 Qc7 16. Bxd6 Qxd6 17. Nb5 Qc5 18. Qb4 Qxb4 1/2-1/2

[Event "HUN-ch Preliminary 2019"]
[Site "Budapest"]
[Date "2019.12.04"]
[Round "1.4"]
[White "Kaczur, Florian"]
[Black "Medvegy, Zoltan"]
[Result "1/2-1/2"]
[WhiteElo "2478"]
[BlackElo "2533"]
[Annotator "TA"]
[PlyCount "64"]
[EventDate "2019.12.04"]
[EventType "k.o."]
[EventCountry "HUN"]
[SourceTitle "playchess.com"]
[Source "ChessBase"]
[SourceQuality "1"]

{[%evp 12,64,11,2,4,14,20,17,16,21,18,18,39,26,39,31,42,35,32,30,41,39,57,54,56,33,19,0,0,0,0,0,0,-19,-15,-15,-34,-93,-79,-74,-79,-92,-82,-100,-127,-115,-114,-104,0,0,0,0,0,0,0]} 1. e4 c6 2. d4 d5 3. exd5 cxd5 4. Bd3 Nc6 5. c3 Nf6 6. h3 g6 7. Bf4 Bf5 {B13: Caro-Kann: Exchange Variation and Panov-Botvinnik Attack} 8. Be2 Bg7 9. Nf3 O-O 10. O-O Ne4 11. Nbd2 Nxd2 $146 ({Predecessor:} 11... Re8 12. Re1 h6 13. Bf1 g5 14. Bh2 Qd7 15. Nxe4 Bxe4 {1-0 (35) Caruana,F (2828)-Shankland,S (2725) chess.com INT 2019}) 12. Qxd2 a6 13. Rfe1 Re8 14. g4 Bd7 15. Bf1 Na5 16. b3 Rc8 17. Ne5 Nc6 18. Bg2 Nxe5 19. Bxe5 e6 20. Bxg7 Kxg7 21. Re3 Qg5 22. Rf1 Qf4 23. a4 Rh8 24. Qe1 (24. Bf3 $15) 24... b5 $17 {[%cal Bb7b5,Bb5b4][%mdl 32]} 25. Rf3 Qd6 26. a5 {[#]} b4 $1 {[%mdl 512] Strongly threatening ...Bb5.} 27. Qa1 (27. cxb4 Bb5) 27... h5 28. gxh5 Rxh5 29. Rc1 Bb5 ({Black should try} 29... Qc7 $17 30. Bf1 Rg5+ 31. Bg2 Bb5) 30. cxb4 $11 {The position is equal.} Rxc1+ 31. Qxc1 Qxb4 32. Qc7 ({Of course not} 32. Qf4 Rf5 $17) 32... Rf5 {Accuracy: White = 70%, Black = 64%.} 1/2-1/2

[Event "HUN-ch Preliminary 2019"]
[Site "Budapest"]
[Date "2019.12.04"]
[Round "1.5"]
[White "Nemeth, Miklos"]
[Black "Kantor, Gergely"]
[Result "1-0"]
[WhiteElo "2496"]
[BlackElo "2541"]
[Annotator "ChessBase"]
[PlyCount "91"]
[EventDate "2019.12.04"]
[EventType "k.o."]
[EventCountry "HUN"]
[SourceTitle "playchess.com"]
[Source "ChessBase"]
[SourceQuality "1"]
[TimeControl "40/5400+30:1800+30"]

1. e4 {[%emt 0:00:05]} e5 {[%emt 0:00:04]} 2. Nf3 {[%emt 0:00:04]} Nc6 {[%emt 0:00:03]} 3. c3 {[%emt 0:00:06]} Nf6 {[%emt 0:02:19]} 4. d3 {[%emt 0:00:10]} g6 {[%emt 0:03:15]} 5. Be2 {[%emt 0:01:39]} Bg7 {[%emt 0:01:23]} 6. O-O {[%emt 0:01:56]} O-O {[%emt 0:00:50]} 7. a4 {[%emt 0:00:34]} d5 {[%emt 0:09:11]} 8. Qc2 {[%emt 0:00:17]} a5 {[%emt 0:01:24]} 9. Na3 {[%emt 0:00:53]} h6 {[%emt 0:00:32]} 10. Nb5 {[%emt 0:03:14]} Be6 {[%emt 0:02:33]} 11. Be3 {[%emt 0:11:14]} Qe7 {[%emt 0:08:11]} 12. Nd2 {[%emt 0:07:19]} Rad8 {[%emt 0:04:51]} 13. Rad1 {[%emt 0:10:14]} Ng4 {[%emt 0:11:21]} 14. Bxg4 {[%emt 0:08:16]} Bxg4 {[%emt 0:00:05]} 15. f3 {[%emt 0:00:08]} Be6 {[%emt 0:01:43]} 16. Rfe1 {[%emt 0:08:20]} f5 {[%emt 0:11:01]} 17. exd5 {[%emt 0:07:06]} Rxd5 {[%emt 0:00:45]} 18. f4 {[%emt 0:03:25]} g5 {[%emt 0:04:30]} 19. fxe5 {[%emt 0:01:22]} f4 {[%emt 0:08:56]} 20. Bf2 {[%emt 0:00:06]} Nxe5 {[%emt 0:09:50]} 21. d4 {[%emt 0:05:18]} c6 {[%emt 0:00:06]} 22. c4 {[%emt 0:07:39]} Rdd8 {[%emt 0:00:21]} 23. dxe5 {[%emt 0:02:19]} cxb5 {[%emt 0:00:52]} 24. cxb5 {[%emt 0:00:28]} Rc8 {[%emt 0:02:02]} 25. Qe4 {[%emt 0:02:05]} g4 {[%emt 0:00:55]} 26. Nf1 {[%emt 0:06:00]} Rf5 {[%emt 0:00:19]} 27. Qd4 {[%emt 0:01:15]} Qg5 {[%emt 0:03:17]} 28. Qb6 {[%emt 0:00:26]} Re8 {[%emt 0:01:34]} 29. Re4 {[%emt 0:06:41]} Rxe5 {[%emt 0:00:00]} 30. Rxe5 {[%emt 0:00:20]} Bxe5 {[%emt 0:02:51]} 31. Qxb7 {[%emt 0:02:28]} g3 {[%emt 0:01:00]} 32. hxg3 {[%emt 0:00:40]} fxg3 {[%emt 0:00:26]} 33. Be3 {[%emt 0:00:04]} Qh5 {[%emt 0:00:52]} 34. Qc6 {[%emt 0:00:41]} Bb3 {[%emt 0:02:05]} 35. Rd3 {[%emt 0:01:26]} Rf8 {[%emt 0:00:53]} 36. Qxh6 {[%emt 0:01:23]} Qe2 {[%emt 0:06:15]} 37. Qg6+ {[%emt 0:00:14]} Bg7 {[%emt 0:00:56]} 38. Nxg3 {[%emt 0:00:09]} Qe1+ {[%emt 0:00:05]} 39. Kh2 {[%emt 0:00:04]} Bf7 {[%emt 0:01:12]} 40. Qg4 {[%emt 0:00:00]} Be8 {[%emt 0:00:00]} 41. Bh6 {[%emt 0:05:03]} Rf7 {[%emt 0:01:13]} 42. Re3 {[%emt 0:02:07]} Bd7 {[%emt 0:00:20]} 43. Qg6 {[%emt 0:02:13]} Qb4 {[%emt 0:00:56]} 44. Ne4 {[%emt 0:01:42]} Qxb2 {[%emt 0:02:41]} 45. Ng5 {[%emt 0:00:58]} Rf2 {[%emt 0:02:07]} 46. Qh7+ {[%emt 0:00:08] Rf3} 1-0

[Event "HUN-ch Preliminary 2019"]
[Site "Budapest"]
[Date "2019.12.04"]
[Round "1.6"]
[White "Csonka, Balazs"]
[Black "Aczel, Gergely"]
[Result "1/2-1/2"]
[WhiteElo "2479"]
[BlackElo "2523"]
[Annotator "TA"]
[PlyCount "59"]
[EventDate "2019.12.04"]
[EventType "k.o."]
[EventCountry "HUN"]
[SourceTitle "playchess.com"]
[Source "ChessBase"]
[SourceQuality "1"]

{[%evp 20,59,22,18,23,14,18,12,41,29,41,36,57,34,38,45,72,60,75,38,49,19,41,6,19,13,20,0,5,0,0,0,12,31,32,14,16,29,16,0,14,0]} 1. e4 c5 2. Nf3 d6 3. d4 cxd4 4. Nxd4 Nf6 5. Nc3 a6 6. Be3 e5 7. Nb3 Be7 8. f3 Be6 9. Qd2 h5 10. Nd5 Nxd5 11. exd5 Bf5 {B90: Sicilian Najdorf: Unusual White 6th moves, 6 Be3 Ng4 and 6 Be3 e5} 12. Be2 Bh4+ (12... Nd7 13. O-O Bg6 14. a4 a5 15. Bd3 Bxd3 16. Qxd3 O-O 17. Nd2 f5 18. Qb5 Qc7 19. c3 {0-1 (45) Vidit,S (2718)-Andriasian,Z (2591) chess.com INT 2018}) 13. g3 Bf6 14. O-O-O Nd7 15. Kb1 Rc8 16. Bd3 Bxd3 17. Qxd3 Qc7 18. Nd2 b5 19. Rc1 $146 ({Predecessor:} 19. h3) 19... Qb7 20. h4 Be7 $1 21. Ne4 Nf6 22. Nxf6+ Bxf6 23. Bg5 Rc4 24. Bxf6 gxf6 25. Rhe1 Ke7 26. f4 Qc8 27. fxe5 fxe5 28. Rf1 {Black must now prevent Rf5.} Qg4 29. Qe3 {[#] Qa7+ would kill now.} Rhc8 30. Qa7+ {Accuracy: White = 59%, Black = 70%.} 1/2-1/2

[Event "HUN-ch Preliminary 2019"]
[Site "Budapest"]
[Date "2019.12.04"]
[Round "1.7"]
[White "Horvath, Csaba"]
[Black "Videki, Sandor"]
[Result "0-1"]
[WhiteElo "2513"]
[BlackElo "2397"]
[Annotator "ChessBase"]
[PlyCount "168"]
[EventDate "2019.12.04"]
[EventType "k.o."]
[EventCountry "HUN"]
[SourceTitle "playchess.com"]
[Source "ChessBase"]
[SourceQuality "1"]
[TimeControl "40/5400+30:1800+30"]

1. d4 {[%emt 0:00:04]} e6 {[%emt 0:00:09]} 2. g3 {[%emt 0:02:58]} c5 {[%emt 0:00:59]} 3. Nf3 {[%emt 0:00:06]} Nf6 {[%emt 0:00:08]} 4. Bg2 {[%emt 0:00:19]} cxd4 {[%emt 0:00:08]} 5. O-O {[%emt 0:02:17]} d5 {[%emt 0:00:06]} 6. b3 {[%emt 0:04:07]} Nc6 {[%emt 0:11:57]} 7. Nxd4 {[%emt 0:00:09]} Qb6 {[%emt 0:02:47]} 8. Nxc6 {[%emt 0:10:31]} bxc6 {[%emt 0:00:17]} 9. c4 {[%emt 0:00:10]} Be7 {[%emt 0:04:55]} 10. Nc3 {[%emt 0:02:40]} O-O {[%emt 0:00:35]} 11. Na4 {[%emt 0:07:08]} Qa6 {[%emt 0:09:07]} 12. Qc2 {[%emt 0:01:07]} Bb7 {[%emt 0:10:30]} 13. Bb2 {[%emt 0:05:43]} Rac8 {[%emt 0:01:57]} 14. Rac1 {[%emt 0:02:57]} Nd7 {[%emt 0:04:12]} 15. c5 {[%emt 0:16:45]} Rfd8 {[%emt 0:11:28]} 16. Rfd1 {[%emt 0:05:47]} Nf6 {[%emt 0:04:56]} 17. b4 {[%emt 0:03:21]} Qb5 {[%emt 0:04:24]} 18. a3 {[%emt 0:01:13]} Ba6 {[%emt 0:00:22]} 19. e4 {[%emt 0:13:44]} Qb8 {[%emt 0:00:43]} 20. exd5 {[%emt 0:01:01]} cxd5 {[%emt 0:06:03]} 21. Re1 {[%emt 0:04:22]} Qb7 {[%emt 0:00:34]} 22. Be5 {[%emt 0:07:53]} Bb5 {[%emt 0:05:00]} 23. Nc3 {[%emt 0:00:02]} Bc4 {[%emt 0:01:14]} 24. Ne4 {[%emt 0:00:56]} Qa6 {[%emt 0:02:26]} 25. Bxf6 {[%emt 0:04:09]} gxf6 {[%emt 0:00:53]} 26. Nd2 {[%emt 0:00:07]} Qxa3 {[%emt 0:05:26]} 27. Nxc4 {[%emt 0:00:03]} dxc4 {[%emt 0:01:17]} 28. Qxc4 {[%emt 0:00:09]} a5 {[%emt 0:00:08]} 29. Qg4+ {[%emt 0:02:10]} Kf8 {[%emt 0:02:58]} 30. Qh5 {[%emt 0:01:17]} axb4 {[%emt 0:01:17]} 31. c6 {[%emt 0:00:37]} Kg7 {[%emt 0:02:18]} 32. Qg4+ {[%emt 0:00:21]} Kh8 {[%emt 0:00:14]} 33. Qh5 {[%emt 0:00:50]} Kg7 {[%emt 0:01:40]} 34. Qg4+ {[%emt 0:00:51]} Kh8 {[%emt 0:00:04]} 35. Ra1 {[%emt 0:00:11]} Qc3 {[%emt 0:01:09]} 36. Qh5 {[%emt 0:00:15]} Rf8 {[%emt 0:01:05]} 37. Rac1 {[%emt 0:00:45]} Qb2 {[%emt 0:00:34]} 38. Rc4 {[%emt 0:01:07]} f5 {[%emt 0:00:16]} 39. c7 {[%emt 0:00:07]} Qa2 {[%emt 0:01:28]} 40. Qe2 {[%emt 0:00:00]} Qxe2 {[%emt 0:00:00]} 41. Rxe2 {[%emt 0:00:54]} Bd6 {[%emt 0:04:02]} 42. Rec2 {[%emt 0:07:31]} b3 {[%emt 0:08:02]} 43. Rb2 {[%emt 0:00:18]} Rxc7 {[%emt 0:06:08]} 44. Rxc7 {[%emt 0:00:08]} Bxc7 {[%emt 0:00:03]} 45. Rxb3 {[%emt 0:00:06]} Rd8 {[%emt 0:00:29]} 46. Rb7 {[%emt 0:04:19]} Rd1+ {[%emt 0:00:23]} 47. Bf1 {[%emt 0:00:03]} Rc1 {[%emt 0:00:12]} 48. Kg2 {[%emt 0:00:25]} Kg7 {[%emt 0:00:12]} 49. Be2 {[%emt 0:01:48]} Kg6 {[%emt 0:02:06]} 50. Rb4 {[%emt 0:01:33]} Bd6 {[%emt 0:00:54]} 51. Rc4 {[%emt 0:01:07]} Re1 {[%emt 0:00:40]} 52. Bf3 {[%emt 0:03:45]} Ra1 {[%emt 0:00:20]} 53. Rc2 {[%emt 0:01:14]} Be5 {[%emt 0:00:55]} 54. Be2 {[%emt 0:02:15]} Bd4 {[%emt 0:00:36]} 55. Rc4 {[%emt 0:01:26]} Ra2 {[%emt 0:05:46]} 56. Rxd4 {[%emt 0:01:14]} Rxe2 {[%emt 0:00:04]} 57. Rd8 {[%emt 0:01:12]} e5 {[%emt 0:03:46]} 58. Rd6+ {[%emt 0:01:01]} f6 {[%emt 0:00:24]} 59. Rd8 {[%emt 0:00:20]} Ra2 {[%emt 0:01:47]} 60. Rg8+ {[%emt 0:02:18]} Kf7 {[%emt 0:00:06]} 61. Rh8 {[%emt 0:00:11]} Kg7 {[%emt 0:00:27]} 62. Rb8 {[%emt 0:00:13]} Ra4 {[%emt 0:00:07]} 63. Kf3 {[%emt 0:01:57]} Ra3+ {[%emt 0:00:10]} 64. Kg2 {[%emt 0:00:28]} Ra4 {[%emt 0:00:11]} 65. Kf3 {[%emt 0:00:06]} Rc4 {[%emt 0:00:16]} 66. Ra8 {[%emt 0:00:20]} Rb4 {[%emt 0:00:23]} 67. Rc8 {[%emt 0:00:27]} h6 {[%emt 0:01:50]} 68. Ra8 {[%emt 0:00:23]} h5 {[%emt 0:01:01]} 69. Kg2 {[%emt 0:00:49]} f4 {[%emt 0:01:12]} 70. Kf3 {[%emt 0:02:44]} Kg6 {[%emt 0:01:08]} 71. Rh8 {[%emt 0:01:03]} Rb3+ {[%emt 0:00:23]} 72. Ke4 {[%emt 0:00:09]} Rb4+ {[%emt 0:01:44]} 73. Kf3 {[%emt 0:00:01]} Kg5 {[%emt 0:00:36]} 74. Kg2 {[%emt 0:00:29]} Rb3 {[%emt 0:00:33]} 75. gxf4+ {[%emt 0:00:36]} exf4 {[%emt 0:00:17]} 76. h3 {[%emt 0:03:33]} Kh4 {[%emt 0:00:22]} 77. Rh6 {[%emt 0:01:09]} f3+ {[%emt 0:00:44]} 78. Kh2 {[%emt 0:00:15]} Rb2 {[%emt 0:00:13]} 79. Kg1 {[%emt 0:00:47]} f5 {[%emt 0:01:31]} 80. Rh8 {[%emt 0:01:27]} Rb1+ {[%emt 0:00:33]} 81. Kh2 {[%emt 0:00:01]} Rf1 {[%emt 0:00:14]} 82. Rf8 {[%emt 0:00:11]} Rxf2+ {[%emt 0:00:19]} 83. Kg1 {[%emt 0:00:19]} Rg2+ {[%emt 0:00:24]} 84. Kh1 {[%emt 0:01:08]} Rg5 {[%emt 0:00:30]} 0-1

[Event "HUN-ch Preliminary 2019"]
[Site "Budapest"]
[Date "2019.12.04"]
[Round "1.8"]
[White "Czebe, Attila"]
[Black "Horvath, Adam"]
[Result "1/2-1/2"]
[WhiteElo "2374"]
[BlackElo "2489"]
[Annotator "TA"]
[PlyCount "91"]
[EventDate "2019.12.04"]
[EventType "k.o."]
[EventCountry "HUN"]
[SourceTitle "playchess.com"]
[Source "ChessBase"]
[SourceQuality "1"]

{[%evp 10,91,7,9,3,-40,22,10,26,12,56,0,16,20,8,9,33,27,30,19,23,17,12,9,31,38,38,37,39,23,29,15,47,47,39,38,35,0,0,0,0,0,0,0,0,-14,-16,-14,0,-6,-8,-17,0,0,0,-18,-6,-8,-7,-8,-8,-58,-56,-67,-46,-51,-35,-41,-8,-16,-8,-8,0,0,0,0,0,0,0,0,0,0,0,0]} 1. e4 c5 2. Nc3 Nc6 3. Bb5 Nd4 4. Nf3 e6 5. O-O a6 6. Bd3 Nc6 {B30: Sicilian: 2...Nc6 3 Bb5, lines without ...g6} 7. Re1 (7. a3 b5 8. Re1 Bb7 9. Bf1 Nf6 10. d4 cxd4 11. Nxd4 Nxd4 12. Qxd4 Qc7 13. e5 Nd5 14. Nxd5 Bxd5 {½-½ (65) Guseinov,G (2664)-Saric,I (2690) chess.com INT 2019}) 7... Nge7 (7... g5 $15 8. g3 g4) 8. b3 Ng6 9. Bb2 Be7 10. Bf1 ({White should try} 10. Nd5 $14) 10... Bf6 $146 ({Predecessor:} 10... O-O 11. d4 cxd4 12. Nxd4 Qc7 13. Nce2 {0-1 (27) Correa,A-Pappier,C Argentina 1991}) 11. Na4 Bxb2 12. Nxb2 O-O 13. d4 cxd4 14. Nxd4 Qf6 15. Nxc6 dxc6 16. Nc4 b5 17. e5 Qg5 $1 18. Qd2 Qxd2 19. Nxd2 Rd8 20. Bd3 c5 21. Bxg6 {[#] Hoping for Be4.} Rxd2 22. Be4 Ra7 23. Bc6 {And now Red1 would win.} Rc7 24. Rad1 Rxd1 25. Rxd1 $11 {[%cal Rd1d8][%mdl 4096] [#] Endgame KRB-KRB} f6 26. Rd8+ Kf7 27. Bf3 fxe5 28. Kf1 a5 29. Be4 c4 30. Ke2 b4 31. Ke3 cxb3 (31... h6 {seems wilder.} 32. h4 Bd7 33. Ra8 cxb3 34. cxb3 a4) 32. axb3 Bb7 33. Bxb7 Rxb7 {KR-KR} 34. Rc8 Rd7 35. c3 bxc3 36. Rxc3 Kf6 37. Ke2 Rd4 38. Rc7 Rb4 39. Rc5 {The position is equal.} Rxb3 {aiming for ...a4.} 40. Rxa5 h5 41. h4 Rb4 42. g3 g6 43. Ra8 Rb3 44. Rf8+ Ke7 45. Ra8 Kf6 46. Rf8+ {Accuracy: White = 71%, Black = 52%.} 1/2-1/2